Регионална библиотека "Любен Каравелов" - Русе

Блокада (Запис номер 188678)

MARC детайли
000 -Лидер
Контролно поле с фиксирана дължина 01378nam a2200313 c 4500
003 - Код на организацията, давaща контролен номер
Контролно поле BLK
005 - Дата и час на последна редакция
Контролно поле 20190204100746.0
008 - Елементи от данни с фиксирана дължина
fixed length control field 180411b bul|||||r ||||||| ||bul||
010 ## - Наследен системен номер
LC control number KNG00197697000
040 ## - Източник на каталожния запис
Идентификатор на билиотеката - собственик на записа BLK
041 ## - Код за език
Код за езика на текст/звукозапис или на отделно заглавие Български
Код за езика КДБФ Български
080 ## - УДК
Текстов определител УДК Руска литература
УДК код - определител по УДК 821.161.1
УДК определител -31
УДК - код + определител 821.161.1-31
100 1# - Редна дума - Автор
Автор Чаковски, Александър Борисович
Авторска отговорност първи автор
R(LIN) 140740
139 ## - Редно поле
Редна дума Чаковски, Александър Борисович
Авторски знак Чако - Ч 18
245 10 - Сведения за заглавието
Заглавие Блокада
Подзаглавни данни Роман : Т. 1 -
Редно поле (дума) Александър Борисович Чаковски; прев. от рус. Борис Сергеев Мисирков.
Том Т. 3. Кн. 5.
250 ## - Област на изданието
Сведения за изданието 2. изд.
257 ## - Страна на издаване
Страна на създаване/издаване СССР
260 ## - Област на издателските данни
-- София
Име на издателя, разпространителя и проч. Партиздат
Година на издаване 1984 -
300 ## - Физическа характеристика
Размери/Мащаб 21 см
380 ## - Жанр
Жанр Худож. лит.
500 ## - Общи забележки
Забележка Ориг. загл. Блокада / Александр Борисович Чаковский. - 55 110 тир.
700 1# - Други автори (авторска отговорност)
Лично име Мисирков, Борис Сергеев
Автороска отговорност (Описва отношението между автора и произведението) прев. от рус.
9 (RLIN) 363376
760 1# - Описание на основната серия
Редна дума на основното описание Чаковски, Александър Борисович
Издание 2. изд.
Място на издаване, издател и година 1984
Страници - том 856 с.
Забележка - том 1. изд. 1975
Заглавие Т. 3. Кн. 5.
852 ## - Местоположение
Форматна сигнатура Цб 128126
856 4# - Електронен адрес и достъп
Електронен формат pdf - файл
Път до файла /url/
856 4# - Електронен адрес и достъп
Електронен формат pdf - файл
Път до файла /url/
942 ## - АРТИКУЛИ
Вид на библиотечния материал Книги
Скрит в OPAC Не
Koha issues (borrowed), all copies 1
944 ## - СЪЗДАВАНЕ И РЕДАКЦИЯ на ЗАПИСА
Създаване/Редакция Създаване
Дата на регистрацията/редакция 09.12.2016
Служител, извършил регистрацията/редакцията Виолета_Тройчева
944 ## - СЪЗДАВАНЕ И РЕДАКЦИЯ на ЗАПИСА
Създаване/Редакция Редакция
Дата на регистрацията/редакция 14.12.2016
Служител, извършил регистрацията/редакцията Севдалина_Василева
999 ## - СИСТЕМНИ КОНТРОЛНИ НОМЕРА
Koha biblionumber 188678
Koha biblioitemnumber 188678
Наличности
Код за отписване Код за изгубен артикул Източник на класификационната схема Код за повреда Коз за рестрикции Код за отдаване Артикулен № Име на библиотеката - собственик Име на библиотеката, в която се намира в момента Статус (Текущо местоположение) Дата на вписване в системата Местоположение - отдел Цена в лева Инвентарен номер Систематично азбучна сигнатура Баркод Номер на екземпляра Цена в евро Служебна бележка Служебен тип на артикула
  Не е изгубен Universal Decimal Classification Не е повреден без рестрикции ползва се в читалня 331438 Регионална библиотека "Любен Каравелов" Русе Регионална библиотека "Любен Каравелов" Русе Хранилище 1984-01-01 Хранилище 6.03 414404 Цб 128126 900000018661 1 3.08 Дост: Dp Вид: Д N: стар фонд Дата: 01.01.1984 Книги
  Не е изгубен Universal Decimal Classification Не е повреден без рестрикции заемане за дома 331439 Регионална библиотека "Любен Каравелов" Русе Регионална библиотека "Любен Каравелов" Русе Заемна - подръчен фонд 1984-01-01 Заемна - подръчен фонд 6.03 413537 П 882-31/Ч 18 120000413537 2 3.08 Дост: Pk Вид: Ф N: стар фонд Дата: 01.01.1984 Дата инв: 09.02.2018 Бележки инв: П2018 Книги
Vip Innovations Ltd, Rousse, Bulgaria 2025